<?xml version="1.0" encoding="UTF-8"?>
<record
    xmlns:xsi="http://www.w3.org/2001/XMLSchema-instance"
    xsi:schemaLocation="http://www.loc.gov/MARC21/slim http://www.loc.gov/standards/marcxml/schema/MARC21slim.xsd"
    xmlns="http://www.loc.gov/MARC21/slim">

  <leader>01275nab a2200205 i 4500</leader>
  <controlfield tag="001">365</controlfield>
  <controlfield tag="003">KOSZ 005</controlfield>
  <controlfield tag="005">20171212095258.0</controlfield>
  <controlfield tag="008">151222s2006    pl  n  f     |000  0pol</controlfield>
  <datafield tag="040" ind1=" " ind2=" ">
    <subfield code="c">BPK</subfield>
    <subfield code="d">KOSZ 005/EG</subfield>
  </datafield>
  <datafield tag="080" ind1=" " ind2=" ">
    <subfield code="a">658.1/.5</subfield>
  </datafield>
  <datafield tag="100" ind1="1" ind2=" ">
    <subfield code="a">KOPCZEWSKI, Marian.</subfield>
    <subfield code="d">1997 - .</subfield>
    <subfield code="b">Politechnika Koszali&#x144;ska - Wydzia&#x142; Elektroniki i Informatyki,</subfield>
    <subfield code="c">Katedra Telekomunikacji</subfield>
  </datafield>
  <datafield tag="245" ind1="1" ind2="0">
    <subfield code="a">Rein&#x17C;ynieria organizacji, a modele przep&#x142;ywu danych /</subfield>
    <subfield code="c">Marian Kopczewski.</subfield>
  </datafield>
  <datafield tag="500" ind1=" " ind2=" ">
    <subfield code="a">Dane z autopsji.</subfield>
  </datafield>
  <datafield tag="520" ind1=" " ind2=" ">
    <subfield code="a">Zintegrowane systemy zarz&#x105;dzania s&#x105; dziedzin&#x105; wybitnie interdyscyplinarn&#x105;, wymagaj&#x105;c&#x105; g&#x142;&#x119;bokiej wiedzy z zakresu: teorii zarz&#x105;dzania i organizacji przedsi&#x119;biorstw, informatyki, sieci komputerowych, baz (hurtowni) danych, a tak&#x17C;e ekonomiki przedsi&#x119;biorczo&#x15B;ci, czy te&#x17C; zagadnie&#x144; teorii podejmowania decyzji - do tego musi by&#x107; przygotowany przysz&#x142;y in&#x17C;ynier informatyki w zarz&#x105;dzaniu, znaj&#x105;cy zasady rein&#x17C;ynierii organizacji.</subfield>
  </datafield>
  <datafield tag="650" ind1=" " ind2="0">
    <subfield code="a">Przedsi&#x119;biorstwo - zarz&#x105;dzanie.</subfield>
  </datafield>
  <datafield tag="650" ind1=" " ind2="0">
    <subfield code="a">Przedsi&#x119;biorstwo - organizacja - metody.</subfield>
  </datafield>
  <datafield tag="773" ind1="0" ind2=" ">
    <subfield code="i">W :</subfield>
    <subfield code="t"> 	Gospodarka oparta na wiedzy / red. nauk. Irena K. Hejduk, Jerzy Korczak. -</subfield>
    <subfield code="d">Koszalin : Wydaw. Uczelniane Politechniki Koszali&#x144;skiej, 2006. -</subfield>
    <subfield code="g">s. 543-551</subfield>
  </datafield>
  <datafield tag="942" ind1=" " ind2=" ">
    <subfield code="c">ROZ</subfield>
    <subfield code="2">UKD</subfield>
  </datafield>
  <datafield tag="999" ind1=" " ind2=" ">
    <subfield code="c">365</subfield>
    <subfield code="d">365</subfield>
  </datafield>
  <datafield tag="952" ind1=" " ind2=" ">
    <subfield code="0">0</subfield>
    <subfield code="1">0</subfield>
    <subfield code="4">0</subfield>
    <subfield code="7">0</subfield>
    <subfield code="a">BPK</subfield>
    <subfield code="b">BPK</subfield>
    <subfield code="o">82426</subfield>
    <subfield code="y">ROZ</subfield>
  </datafield>
</record>
